LEADER 01265nam0 2200301 i 450 001 SUN0000571 005 20111004125557.15 010 $a88-13-21929-6 100 $a20020610d1999 |0itac50 ba 101 $aita 102 $aIT 105 $a|||| ||||| 200 1 $aˆIl ‰contratto di viaggio e le agenzie turistiche$fFrancesco Molfese 210 $aPadova$cCedam$d1999 215 $aXVIII, 431 p.$d24 cm. 410 1$1001SUN0007000$12001 $aˆI ‰grandi orientamenti della giurisprudenza civile e commerciale$v44$1210 $aPadova$cCEDAM$d1987-. 606 $aAgenzie di viaggio e turismo$xLegislazione$2FI$3SUNC000400 606 $aTurismo$xLegislazione$2FI$3SUNC000401 620 $dPadova$3SUNL000007 676 $a343.4508559104$v21 700 1$aMolfese$b, Francesco$3SUNV000455$034935 712 $aCEDAM$3SUNV005537$4650 801 $aIT$bSOL$c20181109$gRICA 912 $aSUN0000571 950 $aUFFICIO DI BIBLIOTECA DEL DIPARTIMENTO DI GIURISPRUDENZA$d00 CONS XV.Eh.227 44 $e00 15441 995 $aUFFICIO DI BIBLIOTECA DEL DIPARTIMENTO DI GIURISPRUDENZA$h15441$kCONS XV.Eh.227 44$op$qa 996 $aContratto di viaggio e le agenzie turistiche$9281141 997 $aUNICAMPANIA LEADER 01146nam 2200385 450 001 9910164219803321 005 20230809222702.0 010 $a1-4988-1492-1 035 $a(CKB)3710000001057482 035 $a(MiAaPQ)EBC4802742 035 $a(EXLCZ)993710000001057482 100 $a20170303h20172017 uy 0 101 0 $aeng 135 $aurcnu|||||||| 181 $2rdacontent 182 $2rdamedia 183 $2rdacarrier 200 10$aInfectious diseases of Ukraine /$fStephen Berger 205 $a2017 edition. 210 1$aLos Angeles, California :$cGIDEON Informatics Inc.,$d2017. 210 4$d©2017 215 $a1 online resource (306 pages) $cillustrations (some color) 225 1 $aGideon E-Book Series 410 0$aGideon e-book series. 606 $aCommunicable diseases$xStatistics$vHandbooks, manuals, etc 615 0$aCommunicable diseases$xStatistics 676 $a614.0727 700 $aBerger$b Stephen$01210032 801 0$bMiAaPQ 801 1$bMiAaPQ 801 2$bMiAaPQ 906 $aBOOK 912 $a9910164219803321 996 $aInfectious diseases of Ukraine$93414580 997 $aUNINA